[Event "Olympiad"]
[Site "masterchessopen.com Buenos Aires (Argentina)"]
[Round "6"]
[White "Enevoldsen Jens (DEN)"]
[Black "Mikenas Vladas I (EST)"]
[Result "0-1"]
[WhiteElo "2350"]
[BlackElo "2405"]

1.d4 Nf6 2.c4 e6 3.Nc3 Bb4 4.Qc2 d5 5.a3 Bxc3+ 6.Qxc3 O-O 7.Nf3 dxc4 8.Qxc4 b6
9.Bg5 Ba6 10.Bxf6 Qxf6 11.Qxc7 Rc8 12.Qe5 Nd7 13.Qxf6 Nxf6 14.Kd2 Ne4+ 15.Ke3
Nd6 16.Kf4 Rc2 17.e4 Bxf1 18.Rhxf1 Rxb2 19.Rab1 Re2 20.Rbe1 Ra2 21.Ra1 Rc2
22.Rfc1 Rxf2 23.Rc6 Rd8 24.g4 Nb5 25.d5 exd5 26.exd5 Nd4 27.Ke3 Nxc6 28.Kxf2
Rxd5 29.Rc1 Nd8 30.Rc7 a5 31.Ke3 f6 32.Nd2 b5 33.Nb3 a4 34.Nc5 Ne6 35.Nxe6
Re5+ 36.Kd4 Rxe6 37.Rb7 Re5 38.h4 h6 39.Kd3 Kh7 40.Kd4 h5 41.g5 Kg6 42.Rb8 Rf5
43.gxf6 gxf6 44.Ke4 Rc5 45.Kd3 Kf5 46.Rb6 Kg4 47.Rxf6 Kxh4 {#R} 0-1

[Event "It"]
[Site "masterchessopen.com Santa Fe (Argentina)"]
[Round "0"]
[White "Casas Fernando (ARG)"]
[Black "Sanguinetti Raul (ARG)"]
[Result "1-0"]
[WhiteElo "2245"]
[BlackElo "2485"]

1.d4 Nf6 2.c4 e6 3.Nc3 Bb4 4.Qc2 d5 5.a3 Bxc3+ 6.bxc3 c5 7.Nf3 b6 8.cxd5 Qxd5
9.g3 cxd4 10.cxd4 Bb7 11.Qa4+ Nc6 12.Bg2 Qa5+ 13.Qxa5 Nxa5 14.O-O Rc8 15.Bg5
Ke7 16.Bd2 Nb3 17.Bb4+ Ke8 18.Rab1 Bxf3 19.Bxf3 Nxd4 20.Bb7 Nxe2+ 21.Kg2 Rc2
22.Rfd1 e5 23.Rb2 Rxb2 24.Bc6+ Nd7 25.Rxd7 Rc2 26.Ba4 {#r} 1-0

[Event "Ch Yugoslavia"]
[Site "masterchessopen.com Zenica (Bosnia & Herzegovina)"]
[Round "10"]
[White "Udovcic Mijo (YUG)"]
[Black "Damjanovic Mato (CRO)"]
[Result "1-0"]
[WhiteElo "2460"]
[BlackElo "2303"]

1.d4 Nf6 2.c4 e6 3.Nc3 Bb4 4.Qc2 d5 5.a3 Bxc3+ 6.Qxc3 O-O 7.Nf3 h6 8.e3 a5
9.b3 Nc6 10.Bd3 Bd7 11.O-O a4 12.b4 dxc4 13.Qxc4 Na7 14.Qc5 Bc6 15.Ne5 Bd5
16.Bb2 Ne4 17.Qc2 Nd6 18.Qxa4 Qg5 19.g3 Nc6 20.Qc2 Nxe5 21.dxe5 Ne8 22.e4 Bc6
23.b5 Bd7 24.f4 Qd8 25.a4 Kh8 26.a5 Rg8 27.Qe2 c6 28.b6 Rxa5 29.Qe3 Rxa1
30.Rxa1 c5 31.Qxc5 Bc6 32.Qd4 Qxd4+ 33.Bxd4 g6 34.Rc1 Ng7 35.Rxc6 bxc6 36.b7
Rb8 37.Ba6 Ne8 38.Ba7 Nc7 39.Bxb8 Nxa6 40.Bd6 Kg7 41.b8=Q Nxb8 42.Bxb8 {#r}
1-0

[Event "Ch BRD (team)"]
[Site "masterchessopen.com Germany"]
[Round "1"]
[White "Gerusel Mathias (GER)"]
[Black "Schmidt Bodo (GER)"]
[Result "1-0"]
[WhiteElo "2239"]
[BlackElo "2355"]

1.d4 e6 2.c4 Nf6 3.Nc3 Bb4 4.Qc2 d5 5.a3 Bxc3+ 6.Qxc3 Nc6 7.Nf3 Ne4 8.Qb3 O-O
9.e3 Ne7 10.Bd3 Ng6 11.Qc2 f5 12.b4 c6 13.h4 Bd7 14.h5 Nh8 15.Ne5 Be8 16.f3
Nd6 17.g4 Nhf7 18.Nxf7 Nxf7 19.gxf5 exf5 20.Bxf5 Ng5 21.f4 Qf6 22.Bd3 Ne4
23.Bxe4 dxe4 24.Bb2 Qe7 25.O-O-O Kf7 26.Rhg1 Rg8 27.Rg5 Bd7 28.Re5 Qf8 29.Qxe4
g6 30.d5 c5 31.bxc5 Qxc5 32.d6 Qc6 33.Re7+ Kf8 34.Rf7+ {#r} 1-0

[Event "It (cat.10)"]
[Site "masterchessopen.com Beer-Sheva (Israel)"]
[Round "14"]
[White "Lev Ronen (ISR)"]
[Black "Shrentzel Israel (ISR)"]
[Result "1-0"]
[WhiteElo "2390"]
[BlackElo "2385"]

1.d4 Nf6 2.c4 e6 3.Nc3 Bb4 4.Qc2 d5 5.a3 Bxc3+ 6.Qxc3 O-O 7.Nf3 dxc4 8.Qxc4 b6
9.Bg5 Ba6 10.Qc2 Nbd7 11.Qc6 Rc8 12.Bxf6 Nxf6 13.e3 Bxf1 14.Kxf1 Qd5 15.Rc1
Qa2 16.Rc2 Qb1+ 17.Ne1 Rfd8 18.g3 e5 19.Kg2 exd4 20.Nf3 Qa2 21.exd4 a6 22.Rhc1
Rd7 23.b3 Qxa3 24.Qxb6 Nd5 25.Qc5 Nb4 26.Rc4 a5 27.Qf5 Rcd8 28.Rxc7 g6 29.Rxd7
gxf5 30.Rxd8+ Kg7 31.Rd6 f6 32.Rc7+ {#r} 1-0

[Event "It (open)"]
[Site "masterchessopen.com Zurich (Switzerland)"]
[Round "0"]
[White "Lalic Bogdan (ENG)"]
[Black "Illi Hans-Joerg (SUI)"]
[Result "1-0"]
[WhiteElo "2500"]
[BlackElo "2122"]

1.c4 e6 2.Nc3 Bb4 3.d4 Nf6 4.Qc2 d5 5.a3 Bxc3+ 6.Qxc3 Nc6 7.Nf3 e5 8.Bg5 exd4
9.Nxd4 Nxd4 10.Qxd4 dxc4 11.Qe5+ Qe7 12.Bxf6 gxf6 13.Qb5+ c6 14.Qxc4 Be6
15.Qc3 Bd5 16.O-O-O O-O-O 17.e3 Rhg8 18.f3 f5 19.Rd2 Rge8 20.Bd3 Qg5 21.h4 Qh5
22.Qf6 Be6 23.Qg5 Qg6 24.e4 fxe4 25.Bxe4 f5 26.Rxd8+ Rxd8 27.Bc2 Qf7 28.Re1
Rd5 29.Qe3 Rd6 30.Qxa7 Qf6 31.Qa8+ Kc7 32.Qa5+ Kb8 33.Qe5 Qh6+ 34.Kb1 {#r} 1-0

[Event "Regionalliga NordS"]
[Site "masterchessopen.com Germany"]
[Round "0"]
[White "Naumann Frank (GER)"]
[Black "Kottke Uwe (GER)"]
[Result "0-1"]
[WhiteElo "2290"]
[BlackElo "2213"]

1.d4 Nf6 2.c4 e6 3.Nc3 Bb4 4.Qc2 d5 5.a3 Bxc3+ 6.Qxc3 O-O 7.Nf3 Ne4 8.Qc2 c5
9.dxc5 a5 10.cxd5 exd5 11.Nd2 Bf5 12.Nxe4 Bxe4 13.Qc3 Nc6 14.Bf4 Re8 15.f3 d4
16.Qd2 Bd5 17.Kf2 Qf6 18.g3 a4 19.Rd1 Ra5 20.Rc1 Rb5 21.Bg5 Qe5 22.Bf4 Qe7
23.Bh3 h6 24.Rhd1 Rb3 25.Bf5 g5 26.Bd6 Qf6 27.g4 Rbe3 28.Re1 d3 29.Qxe3 Rxe3
30.Kxe3 Qd4+ 31.Kd2 dxe2+ 32.Kxe2 Qxb2+ 33.Kf1 Qxa3 34.Re8+ Kg7 35.Bf8+ Kf6
36.Rc2 Qxf3+ 37.Rf2 Qh1+ 38.Ke2 Nd4+ 39.Kd2 Nf3+ 40.Kc2 Nd4+ 41.Kd2 Nxf5
42.Bd6 Be6 43.gxf5 Qd5+ 44.Ke1 Qe4+ 45.Re2 Qb4+ 46.Kf2 Kxf5 47.Re5+ Kf6 48.Re3
a3 49.Rf3+ Kg6 {#R} 0-1

[Event "Olympiad"]
[Site "masterchessopen.com Novi Sad (Yugoslavia)"]
[Round "0"]
[White "Sollars Claude H (MLT)"]
[Black "Seegolam Pradeep (MRI)"]
[Result "1-0"]
[WhiteElo "2120"]
[BlackElo "2041"]

1.d4 Nf6 2.c4 e6 3.Nc3 Bb4 4.Qc2 d5 5.a3 Bxc3+ 6.Qxc3 O-O 7.Bg5 Nc6 8.e3 h6
9.Bh4 g5 10.Bg3 Ne4 11.Qc2 f5 12.f3 Nxg3 13.hxg3 Kg7 14.O-O-O Qd6 15.g4 fxg4
16.fxg4 Qg3 17.Nf3 Qxg4 18.Be2 Qf5 19.Bd3 Qf6 20.Rdf1 Qe7 21.Rxh6 Kxh6 22.Rh1+
Kg7 23.Rh7+ Kf6 24.Qf2 Qxh7 25.Bxh7 Kg7 26.Bc2 e5 27.Qg3 g4 28.cxd5 Ne7
29.Qxe5+ Kf7 30.Ng5+ Ke8 31.Bg6+ {#r} 1-0

[Event "Tournament"]
[Site "masterchessopen.com Gyor (Hungary)"]
[Round "0"]
[White "Kahn Evarth Dr (HUN)"]
[Black "Csato Eszter (HUN)"]
[Result "1-0"]
[WhiteElo "2252"]
[BlackElo "2015"]

1.d4 Nf6 2.c4 e6 3.Nc3 Bb4 4.Qc2 d5 5.a3 Bxc3+ 6.Qxc3 dxc4 7.Qxc4 Nc6 8.Nf3
Qd5 9.Qxd5 exd5 10.Bf4 Bg4 11.e3 Rc8 12.Rc1 Nh5 13.Bg3 Nxg3 14.hxg3 a6 15.Bxa6
Nd8 16.Bd3 Bxf3 17.gxf3 g6 18.Kd2 Ne6 19.f4 Ke7 20.g4 h6 21.f5 Nf8 22.Rh2 Kf6
23.f4 Nd7 24.g5+ Kg7 25.gxh6+ Rxh6 26.Rxh6 Kxh6 27.Rh1+ Kg7 28.fxg6 fxg6
29.Rg1 Nf8 30.f5 Rd8 31.fxg6 Rd6 32.Rf1 Rd7 33.b4 c6 34.a4 Rc7 35.a5 Ne6
36.Rf5 Rd7 37.b5 Nd8 38.Rh5 Kf6 39.Rh7 Rxh7 40.gxh7 Kg7 41.a6 bxa6 42.bxa6
{#r} 1-0

[Event "It (open)"]
[Site "masterchessopen.com Cattolica (Italy)"]
[Round "0"]
[White "Wachinger Guenther (GER)"]
[Black "Antoniacci Riccardo (ITA)"]
[Result "1-0"]
[WhiteElo "2247"]
[BlackElo "1913"]

1.d4 Nf6 2.c4 e6 3.Nc3 Bb4 4.Qc2 d5 5.a3 Bxc3+ 6.Qxc3 Nbd7 7.Nf3 c5 8.dxc5
Nxc5 9.cxd5 Qxd5 10.Be3 Nce4 11.Qe5 O-O 12.Rd1 Qxe5 13.Nxe5 Nd5 14.Bc1 b6
15.f3 Nc5 16.e4 Ne7 17.Be3 f6 18.Bxc5 bxc5 19.Nd7 Bxd7 20.Rxd7 Nc6 21.Bc4 Nd4
22.Kd2 Rfd8 23.Rxd8+ Rxd8 24.Kc3 Kf8 25.f4 Ke7 26.b4 cxb4+ 27.axb4 Nc6 28.Ra1
Rd7 29.b5 Nd4 30.e5 fxe5 31.fxe5 Kf7 32.Ra6 Ke7 33.Rd6 Nf5 34.Rxe6+ Kd8 35.Rc6
Ne3 36.g3 Ng4 37.Be6 Nxe5 38.Bxd7 Kxd7 39.Ra6 Ng4 40.Rxa7+ Kc8 41.Rxg7 Nxh2
42.Rxh7 Ng4 43.Kd4 Nf6 44.Rf7 Ng4 45.Kd5 Ne3+ 46.Kc6 {#r} 1-0

[Event "It (open)"]
[Site "masterchessopen.com Dresden (Germany)"]
[Round "0"]
[White "Roos Michel (FRA)"]
[Black "Kunow Frank (GER)"]
[Result "1-0"]
[WhiteElo "2118"]
[BlackElo "2027"]

1.d4 Nf6 2.c4 e6 3.Nc3 Bb4 4.Qc2 d5 5.a3 Bxc3+ 6.Qxc3 c5 7.dxc5 Nc6 8.e3 d4
9.exd4 e5 10.d5 Ne4 11.Qe3 Qa5+ 12.Bd2 Nxd2 13.Qxd2 Qxd2+ 14.Kxd2 Nd4 15.Re1
f6 16.f4 O-O 17.Kc3 Bd7 18.Bd3 Rfe8 19.fxe5 fxe5 20.Ne2 Nf5 21.Ng3 g6 22.Rhf1
Nxg3 23.hxg3 Re7 24.b4 Rf8 25.Rxf8+ Kxf8 26.Rf1+ Kg7 27.Be4 Re8 28.c6 bxc6
29.dxc6 Bg4 30.Rf2 Re7 31.b5 Bd1 32.c5 Bg4 33.b6 Bf5 34.Bxf5 gxf5 35.b7 {#r}
1-0

[Event "Ch Germany (juniors) (under 13)"]
[Site "masterchessopen.com Lingen (Germany)"]
[Round "7"]
[White "Ballo Emanuel (GER)"]
[Black "Langrock Hannes (GER)"]
[Result "1-0"]
[WhiteElo "2164"]
[BlackElo "2374"]

1.d4 Nf6 2.c4 e6 3.Nc3 Bb4 4.Qc2 d5 5.a3 Bxc3+ 6.Qxc3 Nbd7 7.Bg5 h6 8.Bh4 c6
9.e3 dxc4 10.Nf3 Qc7 11.Bg3 Qb6 12.Nd2 Nd5 13.Qc2 Qa5 14.Bxc4 O-O 15.O-O Qd8
16.e4 N5b6 17.Ba2 Qe7 18.e5 Rd8 19.Ne4 Nf8 20.Nd6 Nd5 21.Rac1 Ng6 22.Bb1 Nf8
23.Qd3 f5 24.f4 Rb8 25.Be1 Ng6 26.g3 Bd7 27.Rc2 Be8 28.Ba2 Bd7 29.Bxd5 exd5
30.Nxf5 Qe6 31.Nd6 Ne7 32.f5 Nxf5 33.Qxf5 {#r} 1-0

[Event "It (open) (b)"]
[Site "masterchessopen.com Augustow (Poland)"]
[Round "0"]
[White "Grycel Kamil (POL)"]
[Black "Miszczak Dariusz (POL)"]
[Result "0-1"]
[WhiteElo "2315"]
[BlackElo "2054"]

1.d4 Nf6 2.c4 e6 3.Nc3 Bb4 4.Qc2 d5 5.a3 Bxc3+ 6.Qxc3 h6 7.Nf3 O-O 8.Bf4 dxc4
9.Qxc4 c6 10.Qc2 Nd5 11.Bg3 Qa5+ 12.Qd2 Qxd2+ 13.Nxd2 b6 14.e4 Nf6 15.f3 Bb7
16.Nc4 Rd8 17.Nd6 Ba6 18.Rc1 Bxf1 19.Rxf1 Nh5 20.e5 f6 21.f4 fxe5 22.fxe5 Nxg3
23.hxg3 c5 24.dxc5 bxc5 25.Nb7 Rd5 26.Rxc5 Nd7 27.Rxd5 exd5 28.Nd6 Nxe5 29.Kd2
Rd8 30.Rf5 Rxd6 31.Rxe5 Rg6 32.Re3 Kf7 33.Kd3 Rg4 34.Kd2 a5 35.b3 Kf6 36.Kd3
g6 37.Kd2 d4 38.Rf3+ Ke5 39.Kd3 Kd5 40.Kd2 Rg5 41.Kd3 Re5 42.Kd2 h5 43.Kd3 g5
44.Kd2 g4 45.Rd3 Re8 46.Kd1 Ke4 47.Rd2 Rf8 48.Ke1 d3 49.b4 axb4 50.axb4 Ke3
{#R} 0-1

[Event "Memorial J.Capablanca (b)"]
[Site "masterchessopen.com Cienfuegos (Cuba)"]
[Round "9"]
[White "Leyva Hector (ESA)"]
[Black "Diaz Joaquin C (CUB)"]
[Result "1-0"]
[WhiteElo "2410"]
[BlackElo "2375"]

1.d4 Nf6 2.c4 e6 3.Nc3 Bb4 4.Qc2 d5 5.a3 Bxc3+ 6.Qxc3 O-O 7.Bg5 c6 8.e3 Nbd7
9.cxd5 Nxd5 10.Bxd8 Nxc3 11.Ba5 Nd5 12.e4 N5f6 13.f3 b6 14.Bc3 a5 15.g4 Ba6
16.Ne2 Rfc8 17.Rd1 Ne8 18.h4 Nd6 19.Bh3 Bc4 20.g5 Nb5 21.h5 c5 22.d5 Nxc3
23.bxc3 Ne5 24.Kf2 Rd8 25.Nf4 exd5 26.exd5 g6 27.Rhe1 Bb3 28.Rb1 Bc2 29.Rxb6
Nd3+ 30.Nxd3 Bxd3 31.d6 {#r} 1-0

[Event "It (open)"]
[Site "masterchessopen.com Yalta (Ukraine)"]
[Round "10"]
[White "Shemeakin Alexander (UKR)"]
[Black "Punskij Valery (UKR)"]
[Result "1-0"]
[WhiteElo "2265"]
[BlackElo "2222"]

1.d4 Nf6 2.c4 e6 3.Nc3 Bb4 4.Qc2 d5 5.a3 Bxc3+ 6.Qxc3 b6 7.Bg5 Ba6 8.e3 Nbd7
9.Nf3 Qc8 10.Bxf6 Nxf6 11.cxd5 Bxf1 12.Rxf1 Nxd5 13.Qc6+ Ke7 14.Rc1 Qd7
15.Qxd7+ Kxd7 16.Ne5+ Ke8 17.e4 Nf4 18.g3 Ng6 19.Rxc7 Nxe5 20.dxe5 g5 21.Ke2
Kf8 22.Rd1 Kg7 23.Rdd7 Rhf8 24.Rxa7 Rxa7 25.Rxa7 Rc8 26.Kd3 Rc1 27.Rb7 Rh1
28.Rxb6 Rxh2 29.Ke3 h5 30.Rc6 Rh1 31.Kf3 Rg1 32.Rc3 Kg6 33.a4 Ra1 34.Ra3 Rb1
35.b3 Rg1 36.b4 Rb1 37.b5 Rb4 38.Ra2 {#r} 1-0

[Event "It (open)"]
[Site "masterchessopen.com Zurich (Switzerland)"]
[Round "3"]
[White "Wildi Marcel (SUI)"]
[Black "Portmann Daniel (SUI)"]
[Result "0-1"]
[WhiteElo "2285"]
[BlackElo "2029"]

1.d4 Nf6 2.c4 e6 3.Nc3 Bb4 4.Qc2 d5 5.a3 Bxc3+ 6.Qxc3 O-O 7.Nf3 b6 8.Bg5 Bb7
9.Rc1 c6 10.cxd5 exd5 11.e3 Qd6 12.Bd3 Nbd7 13.Ne5 Ne4 14.Bxe4 dxe4 15.Nxc6
Rfe8 16.Bf4 Qe6 17.b4 Ba6 18.a4 Bd3 19.Bg3 Qa2 20.Qd2 Qxa4 21.f4 Nf6 22.Kf2
Nd5 23.Ne5 Qxb4 24.Qa2 Rac8 25.Nxd3 exd3 26.Rxc8 Rxc8 27.Qxd5 Qd2+ 28.Kf3 Qe2+
29.Ke4 Qxg2+ 30.Ke5 Re8+ {#R} 0-1

[Event "It (open) \"]
[Site "masterchessopen.com Copenhagen (Denmark)"]
[Round "3"]
[White "Hillarp Persson Tiger (SWE)"]
[Black "Thorfinnsson Bragi (ISL)"]
[Result "1-0"]
[WhiteElo "2445"]
[BlackElo "2215"]

1.d4 Nf6 2.c4 e6 3.Nc3 Bb4 4.Qc2 d5 5.a3 Bxc3+ 6.Qxc3 O-O 7.Nf3 Nbd7 8.Bg5 c6
9.e3 Re8 10.Rc1 a5 11.Bd3 dxc4 12.Bxc4 Qb6 13.Qc2 h6 14.Bh4 a4 15.O-O Ra5
16.e4 Nh5 17.e5 Nf4 18.Bg3 Nd5 19.Bd3 Qa7 20.Qe2 Nf8 21.Qe4 Bd7 22.Bf4 Nxf4
23.Qxf4 c5 24.Nd2 Bb5 25.Nc4 Bxc4 26.Rxc4 Rd8 27.Rfc1 Qb6 28.g3 Qxb2 29.Rb1
Qxa3 30.Qd2 cxd4 31.Qxa5 Qxd3 32.Rcc1 Rd5 33.Qxa4 Ng6 34.Qe8+ Kh7 35.Qxf7 Nxe5
36.Qxe6 Qe4 37.Re1 Nf3+ 38.Kh1 {#r} 1-0

[Event "It (open)"]
[Site "masterchessopen.com Zalakaros (Hungary)"]
[Round "2"]
[White "Rasztik Sandor (HUN)"]
[Black "Szamos Alexander (SVK)"]
[Result "0-1"]
[WhiteElo "1975"]
[BlackElo "2202"]

1.d4 Nf6 2.c4 e6 3.Nc3 Bb4 4.Qc2 d5 5.a3 Bxc3+ 6.bxc3 h6 7.a4 O-O 8.f3 b6 9.e4
Ba6 10.e5 Nfd7 11.Be3 c5 12.Be2 Qc7 13.cxd5 exd5 14.Bxa6 Nxa6 15.Qd2 cxd4
16.cxd4 Rfc8 17.Ne2 Qc2 18.h4 Rc4 19.Bxh6 gxh6 20.Qxh6 Qg6 21.Qxg6+ fxg6
22.O-O Nb4 23.g4 Nc2 24.Rac1 Rac8 25.Kf2 Nxd4 26.Rxc4 Rxc4 27.Nxd4 Rxd4 28.e6
Nc5 29.e7 Kf7 30.h5 gxh5 31.g5 Kxe7 32.Rh1 h4 33.Ke3 Ne6 34.Rg1 Rxa4 {#R} 0-1

[Event "It (open)"]
[Site "masterchessopen.com Asti (Italy)"]
[Round "8"]
[White "Lazarev Vladimir (FRA)"]
[Black "Castaldo Folco (ITA)"]
[Result "1-0"]
[WhiteElo "2450"]
[BlackElo "2180"]

1.d4 Nf6 2.c4 e6 3.Nc3 Bb4 4.Qc2 d5 5.a3 Bxc3+ 6.Qxc3 c5 7.dxc5 d4 8.Qc2 a5
9.Nf3 Nc6 10.e3 e5 11.exd4 exd4 12.Bf4 O-O 13.O-O-O Re8 14.h3 Nd7 15.Bd6 Qf6
16.Bd3 b6 17.Bxh7+ Kh8 18.Be4 Bb7 19.Rhe1 bxc5 20.Bg3 Nf8 21.Bd5 Ng6 22.h4 Nf4
23.Bxf4 Qxf4+ 24.Kb1 g6 25.Ng5 Rf8 26.Ne4 Rae8 27.Nxc5 Ba8 28.g3 Qc7 29.Qd2
{#r} 1-0

[Event "It (sheveningen)"]
[Site "masterchessopen.com Cairo (Egypt)"]
[Round "3"]
[White "El Gindy Essam (EGY)"]
[Black "Sax Gyula (HUN)"]
[Result "0-1"]
[WhiteElo "2506"]
[BlackElo "2525"]

1.d4 Nf6 2.c4 e6 3.Nc3 Bb4 4.Qc2 d5 5.a3 Bxc3+ 6.Qxc3 c5 7.dxc5 d4 8.Qg3 Nc6
9.b4 O-O 10.Bg5 e5 11.Nf3 e4 12.Ne5 Nxe5 13.Qxe5 a5 14.b5 Be6 15.Rd1 Nd7
16.Qg3 f6 17.Bh6 Qe7 18.Rxd4 Nxc5 19.Bf4 Qf7 20.Bd6 Rfc8 21.e3 Nb3 22.c5 Nxd4
23.exd4 Bc4 24.Qc3 Bxf1 25.Rxf1 Qa2 26.b6 Qb1+ 27.Ke2 Qb5+ 28.Ke1 Qb1+ 29.Ke2
Qb5+ 30.Ke1 Qxb6 31.Kd2 Qb5 32.Rc1 Ra6 33.Bf4 Rac6 34.Qc2 b6 35.Rb1 Qa6
36.Qb3+ Kh8 37.Ke3 bxc5 38.d5 c4 39.Qb7 Qxb7 40.Rxb7 Rc5 41.Kxe4 c3 42.d6 Rc4+
43.Kf3 Rxf4+ 44.Kxf4 c2 45.Rc7 Rxc7 {#R} 0-1

[Event "It"]
[Site "masterchessopen.com Dordrecht (Netherlands)"]
[Round "0"]
[White "Gurevich Dmitry (USA)"]
[Black "Jussupow Artur (GER)"]
[Result "1-0"]
[WhiteElo "2505"]
[BlackElo "2640"]

1.d4 Nf6 2.c4 e6 3.Nc3 Bb4 4.Qc2 d5 5.a3 Bxc3+ 6.Qxc3 O-O 7.Bg5 Nbd7 8.e3 c5
9.cxd5 cxd4 10.Qxd4 Qa5+ 11.b4 Qxd5 12.Nf3 h6 13.Bh4 b6 14.Bc4 Qxd4 15.Nxd4
Bb7 16.O-O Rfc8 17.Rfc1 Ne4 18.f3 Nd6 19.Be2 a5 20.Bg3 e5 21.Nb5 Nf5 22.Bf2
axb4 23.axb4 Rxa1 24.Rxa1 Ra8 25.Rxa8+ Bxa8 26.e4 Ne7 27.Nd6 Kf8 28.b5 Ng6
29.g3 Ke7 30.Nc8+ Kd8 31.Nxb6 Nxb6 32.Bxb6+ Kd7 33.Bc4 f6 34.Bc5 Ne7 35.Bxe7
Kxe7 36.Bd5 Bxd5 37.exd5 {#r} 1-0

[Event "It (open)"]
[Site "masterchessopen.com Dresden (Germany)"]
[Round "2"]
[White "Chekhov Valery A (RUS)"]
[Black "Elschner Annegret (GER)"]
[Result "1-0"]
[WhiteElo "2525"]
[BlackElo "2101"]

1.d4 e6 2.c4 Nf6 3.Nc3 Bb4 4.Qc2 d5 5.a3 Bxc3+ 6.Qxc3 O-O 7.Bg5 Nbd7 8.e3 c6
9.Nf3 Ne4 10.Bxd8 Nxc3 11.Bc7 Ne4 12.Bd3 Ndf6 13.c5 Bd7 14.h3 Rfc8 15.Bh2 Be8
16.Ke2 h6 17.Rhc1 Kf8 18.Ne1 Ke7 19.f3 Ng5 20.Bd6+ Kd8 21.Bf8 g6 22.Bxh6 Ngh7
23.Bf4 Nf8 24.b4 a6 25.Rab1 N6d7 26.Bd6 Nh7 27.Nc2 f6 28.h4 f5 29.g4 Nhf6
30.Rg1 Bf7 31.h5 gxh5 32.gxf5 Ne8 33.Bf4 Ke7 34.Rg5 Ndf6 35.fxe6 Bxe6 36.Rbg1
Rd8 37.Re5 Nd7 38.Rxh5 Ndf6 39.Rh8 Bf7 40.e4 dxe4 41.fxe4 Bh5+ 42.Kd2 Bf3
43.e5 {#r} 1-0

[Event "It (open)"]
[Site "masterchessopen.com Klatovy (Czech Republic)"]
[Round "0"]
[White "Novak Jakub (CZE)"]
[Black "Rozmbersky David (CZE)"]
[Result "0-1"]
[WhiteElo "2019"]
[BlackElo "2207"]

1.d4 Nf6 2.c4 e6 3.Nc3 Bb4 4.Qc2 d5 5.a3 Bxc3+ 6.Qxc3 b6 7.g3 Ne4 8.Qc2 Bb7
9.Bg2 Nd7 10.Nf3 O-O 11.O-O Rc8 12.b4 dxc4 13.Qxc4 Bd5 14.Qc2 c5 15.Qb2 c4
16.Qc2 f5 17.Nd2 Nxd2 18.Bxd2 Bxg2 19.Kxg2 Nf6 20.Bc3 g5 21.Qd2 Nd5 22.e3 f4
23.gxf4 gxf4 24.e4 Nxc3 25.Qxc3 Qh4 26.f3 Kf7 27.Kh1 Rg8 28.b5 Rg5 29.a4 Qxh2+
30.Kxh2 Rcg8 {#R} 0-1

[Event "Ch Germany (juniors) (under 13)"]
[Site "masterchessopen.com Oberhof (Germany)"]
[Round "8"]
[White "Seifert Volker (GER)"]
[Black "Rau Hannes (GER)"]
[Result "0-1"]
[WhiteElo "2319"]
[BlackElo "2464"]

1.d4 Nf6 2.c4 e6 3.Nc3 Bb4 4.Qc2 d5 5.a3 Bxc3+ 6.Qxc3 dxc4 7.Qxc4 O-O 8.Bg5 h6
9.Bh4 b6 10.Nf3 Ba6 11.Qc2 Nbd7 12.e4 Bxf1 13.Kxf1 Qc8 14.Ke2 Qa6+ 15.Qd3 Qb7
16.Nd2 Rfd8 17.f3 c5 18.Bf2 cxd4 19.Bxd4 e5 20.Bc3 Nc5 21.Qb5 a6 22.Qb4 Nd3
23.Qb3 b5 24.Nc4 Qa7 25.Ne3 Nf4+ 26.Kf2 Nxg2 27.Ba5 Nxe3 28.Qxe3 Rd4 29.Bc3
Rd3 30.Qxa7 Rxa7 31.Bxe5 Nd7 32.Bc3 Nc5 33.Rad1 Rad7 34.Ke2 f6 35.Rxd3 Nxd3
36.Rd1 Nf4+ 37.Ke1 Rxd1+ 38.Kxd1 Kf7 39.Kd2 g5 40.Ke3 Ke6 41.Bb4 Ng2+ 42.Kf2
Nh4 43.Ke3 Ng6 44.Ba5 Ne5 45.b3 f5 46.Bc3 h5 47.h3 Ng6 48.Bd2 Nf4 49.h4 {#R}
0-1

[Event "It (open)"]
[Site "masterchessopen.com Porto San Giorgio (Italy)"]
[Round "3"]
[White "Lazarev Vladimir (FRA)"]
[Black "Rotstein Arkadij (GER)"]
[Result "0-1"]
[WhiteElo "2450"]
[BlackElo "2515"]

1.d4 Nf6 2.c4 e6 3.Nc3 Bb4 4.Qc2 d5 5.a3 Bxc3+ 6.Qxc3 c5 7.dxc5 d4 8.Qc2 a5
9.Nf3 Nc6 10.Bf4 O-O 11.O-O-O Re8 12.Bd6 e5 13.h3 b6 14.g4 bxc5 15.Bxc5 Qc7
16.a4 Rb8 17.g5 Nd7 18.Ba3 Nb4 19.Bxb4 Rxb4 20.e3 Bb7 21.Qf5 Nc5 22.Re1 Be4
23.Qg4 d3 {#R} 0-1

[Event "Ch Slovakia (team) 1997/98 (1 liga) East"]
[Site "masterchessopen.com Slovakia"]
[Round "9"]
[White "Likavsky Tomas (SVK)"]
[Black "Okos Alexander (SVK)"]
[Result "1-0"]
[WhiteElo "2315"]
[BlackElo "2085"]

1.d4 Nf6 2.c4 e6 3.Nc3 Bb4 4.Qc2 d5 5.a3 Bxc3+ 6.Qxc3 c6 7.e3 a5 8.b3 Ne4
9.Qc2 Nd7 10.Bd3 f5 11.Ne2 Qf6 12.f3 Nec5 13.O-O Nxd3 14.Qxd3 a4 15.e4 Nc5
16.dxc5 Qxa1 17.Nc3 axb3 18.Qd2 d4 19.Bb2 dxc3 20.Qxc3 Qxf1+ 21.Kxf1 Rg8
22.Qxb3 fxe4 23.f4 Rf8 24.Kg1 e5 25.Bxe5 Rf5 26.Bd6 Rf6 27.h3 Kf7 28.a4 Re6
29.Qd1 h6 30.Qh5+ Rg6 31.Kh2 Rxa4 32.Qe2 Be6 33.Qxe4 Rxc4 34.Qb1 Bd5 35.Qxb7+
Ke6 36.Qe7+ Kf5 37.g4+ Rxg4 38.hxg4+ Kxg4 39.Qxg7+ Kh5 {#r} 1-0

[Event "It (open)"]
[Site "masterchessopen.com Wiesbaden (Germany)"]
[Round "2"]
[White "Zimmermann Klemens (GER)"]
[Black "Kupreichik Viktor D (BLR)"]
[Result "0-1"]
[WhiteElo "2289"]
[BlackElo "2505"]

1.d4 Nf6 2.c4 e6 3.Nc3 Bb4 4.Qc2 d5 5.a3 Bxc3+ 6.bxc3 O-O 7.Bg5 h6 8.Bxf6 Qxf6
9.e3 b6 10.Nf3 Nc6 11.cxd5 exd5 12.Bd3 Na5 13.O-O Be6 14.Nd2 Rac8 15.Ba6 Rb8
16.c4 Bf5 17.Qa4 Bd3 18.Rfc1 dxc4 19.Qb4 c5 20.Qc3 cxd4 21.exd4 Rfd8 22.Nxc4
Bxc4 23.Bxc4 Rbc8 24.Qd3 Rxd4 {#R} 0-1

[Event "It (open)"]
[Site "masterchessopen.com Arco (Italy)"]
[Round "4"]
[White "Lazarev Vladimir (FRA)"]
[Black "Romanishin Oleg M (UKR)"]
[Result "0-1"]
[WhiteElo "2501"]
[BlackElo "2567"]

1.d4 Nf6 2.c4 e6 3.Nc3 Bb4 4.Qc2 d5 5.a3 Bxc3+ 6.Qxc3 c5 7.dxc5 d4 8.Qc2 e5
9.e3 Nc6 10.b4 O-O 11.Nf3 Re8 12.e4 a5 13.Rb1 axb4 14.axb4 Bg4 15.Nd2 Nh5
16.b5 d3 17.Qxd3 Nd4 18.Nb3 f5 19.Nxd4 exd4 20.Be2 Bxe2 21.Kxe2 fxe4 22.Qh3
Ra2+ 23.Kd1 e3 24.Bb2 Qa5 25.Qxh5 Qd2# 0-1

[Event "It (open)"]
[Site "masterchessopen.com Bratto (Italy)"]
[Round "2"]
[White "Rotstein Arkadij (GER)"]
[Black "Patelli Alessandro (ITA)"]
[Result "1-0"]
[WhiteElo "2460"]
[BlackElo "2225"]

1.d4 Nf6 2.c4 e6 3.Nc3 Bb4 4.Qc2 d5 5.a3 Bxc3+ 6.Qxc3 O-O 7.Nf3 c5 8.dxc5 Ne4
9.Qc2 Nxc5 10.cxd5 Qxd5 11.Be3 Ncd7 12.g3 Nc6 13.Bg2 Nf6 14.Rd1 Qh5 15.h3 Qa5+
16.Bd2 Qf5 17.Qxf5 exf5 18.Bf4 Re8 19.Nd4 Nxd4 20.Rxd4 Ne4 21.O-O Be6 22.Rc1
Rac8 23.Rxc8 Bxc8 24.g4 h6 25.e3 b6 26.gxf5 Bxf5 27.Rd5 Bg6 28.Rd7 a5 29.Bc7
Nc5 30.Rd8 Rxd8 31.Bxd8 a4 32.Bxb6 Nd3 33.Bd4 Nc1 34.Kf1 Nb3 35.Bc6 Bc2 36.Ke1
Na5 37.Bb5 Kf8 38.Kd2 Bf5 39.Kc3 Nb7 40.Bc6 Nd6 41.Kb4 {#r} 1-0

[Event "It (open)"]
[Site "masterchessopen.com Bunratty (Ireland)"]
[Round "2"]
[White "Baburin Alexander (IRL)"]
[Black "O'Cinneide Mel (IRL)"]
[Result "1-0"]
[WhiteElo "2593"]
[BlackElo "2252"]

1.d4 Nf6 2.c4 e6 3.Nc3 Bb4 4.Qc2 d5 5.a3 Bxc3+ 6.Qxc3 O-O 7.Bg5 Nbd7 8.cxd5
exd5 9.e3 Re8 10.Bd3 Nf8 11.Nf3 Qd6 12.Bxf6 gxf6 13.O-O Ng6 14.Rfc1 c6 15.b4
a6 16.a4 Bg4 17.Nd2 Nh4 18.b5 axb5 19.axb5 Rac8 20.bxc6 bxc6 21.Ra6 Bd7 22.g3
Ng6 23.Nb3 Re7 24.Nc5 Be8 25.Rca1 h5 26.Bf5 Rb8 27.h4 Kg7 28.Ra8 Nf8 29.Bc2
Qd8 30.Rxb8 Qxb8 31.Qd3 Qc8 32.Qe2 Kh6 33.Qf3 Kg7 34.Qxh5 Bd7 35.Nxd7 Qxd7
36.Ra8 Re8 37.Rxe8 Qxe8 38.Qg4+ Kh8 39.Qf4 Qe7 40.h5 Nh7 41.Qh6 {#r} 1-0